000 00272nam a22001217a 4500
008 190227b xxu||||| |||| 00| 0 eng d
041 _aeng
080 _22nd
_a616.12
100 _a7
101 _aKARD
245 _aCardiac emergency care
_cChung,E.K
942 _2udc
_cBK
999 _c54331
_d54331